000
00340 a2200157 4500
001
172893
020
_a
040
_c
Magnum
100
_a
Bueno, Maria Celia
240
1
0
_a
Zé caracol dá uma freiada
_l
por
245
1
0
_a
Zé caracol dá uma freiada
300
_a
12
362
0
_a
1992
697
_a
LITERATURA INFANTIL
942
_c
BK
999
_c
172893
_d
172893